| LEADER | 01405nam a2200217 4500 | ||
|---|---|---|---|
| 082 | |a 597 |b TH103TH | ||
| 100 | |a Thái Thanh Dương | ||
| 245 | |a Các loài cá thương gặp ở Việt Nam |c Phạm Huyên |b Sách minh họa | ||
| 260 | |a Thanh Hóa. |b Thanh Hóa |c 2007 | ||
| 300 | |a 75 tr |c 27 cm | ||
| 520 | |a v.v... | ||
| 653 | |a Động vật | ||
| 653 | |a Cá biển | ||
| 653 | |a Việt Nam | ||
| 942 | |2 ddc |c STK0 | ||
| 999 | |c 7322 |d 7322 | ||
| 952 | |0 0 |1 0 |2 ddc |4 0 |6 597_000000000000000_TH103TH |7 0 |8 500 |9 67257 |a qbu |b qbu |c D3 |d 2015-02-04 |g 435000 |o 597 TH103TH |p 7194.c1 |r 0000-00-00 |w 2015-02-04 |y STK0 |0 0 |6 597_000000000000000_TH103TH | ||
| 952 | |0 0 |1 0 |2 ddc |4 0 |6 597_000000000000000_TH103TH |7 0 |8 500 |9 67258 |a qbu |b qbu |c D3 |d 2015-02-04 |g 435000 |o 597 TH103TH |p 7194.c2 |r 0000-00-00 |w 2015-02-04 |y STK0 |0 0 |6 597_000000000000000_TH103TH | ||
| 952 | |0 0 |1 0 |2 ddc |4 0 |6 597_000000000000000_TH103TH |7 0 |8 500 |9 67259 |a qbu |b qbu |c D3 |d 2015-02-04 |g 435000 |o 597 TH103TH |p 7194.c3 |r 0000-00-00 |w 2015-02-04 |y STK0 |0 0 |6 597_000000000000000_TH103TH | ||
| 952 | |0 0 |1 0 |2 ddc |4 0 |6 597_000000000000000_TH103TH |7 0 |8 500 |9 67260 |a qbu |b qbu |c D3 |d 2015-02-04 |g 435000 |l 1 |o 597 TH103TH |p 7194.c4 |r 2016-03-02 |s 2016-02-22 |w 2015-02-04 |y STK0 |0 0 |6 597_000000000000000_TH103TH | ||
| 952 | |0 0 |1 0 |2 ddc |4 0 |6 597_000000000000000_TH103TH |7 0 |8 500 |9 67261 |a qbu |b qbu |c D3 |d 2015-02-04 |g 435000 |l 1 |o 597 TH103TH |p 7194.c5 |r 2017-04-24 |s 2017-04-13 |w 2015-02-04 |y STK0 |0 0 |6 597_000000000000000_TH103TH | ||